000 00355nam a2200133Ia 4500
008 240624s9999 xx 000 0 und d
041 _aeng
082 _a658.8342 SMA
100 _aSMART BARRY
245 _aCONSUMER SOCIETY CRITICAL ISSUES AND ENV
260 _c2010
_aLos Angeles
_bSage Publications
300 _a256 : p. : cm. ; 24
365 _cBPS
_b20
999 _c17012
_d17012